Új ruhában a szépség boltja
Elmentve itt :
| Dokumentumtípus: | Cikk |
|---|---|
| Megjelent: |
1985-04-09
|
| Sorozat: | Délmagyarország
75 No. 82 |
| Kulcsszavak: | könyvkereskedelem |
| Online Access: | http://dmarchiv.bibl.u-szeged.hu/108963 |
| LEADER | 00405nab a2200145 i 4500 | ||
|---|---|---|---|
| 001 | delm108963 | ||
| 005 | 20190912093006.0 | ||
| 008 | 190912s1985 hu o 0|| hun d | ||
| 040 | |a SZTE Délmagyarország Archívum |b hun | ||
| 041 | |a hun | ||
| 245 | 0 | 0 | |a Új ruhában a szépség boltja |h [elektronikus dokumentum] |
| 260 | |c 1985-04-09 | ||
| 300 | |a 3 | ||
| 490 | 0 | |a Délmagyarország |v 75 No. 82 | |
| 695 | |a könyvkereskedelem | ||